Sitcom By Pilot Plot Quiz Stats

Quiz Updated May 31, 2015

Also try: TV Shows by Plot
Challenge
Share
Tweet
Embed
Score 0/20 Timer 06:00
0 Plays Today
% Correct
Seinfeld
93.6%
Two and a Half Men
92.8%
Futurama
89.7%
Frasier
89%
Roseanne
87.8%
New Girl
87.1%
Cheers
87%
Arrested Development
84.9%
Three's Company
82.7%
30 Rock
82.6%
% Correct
All in the Family
81.7%
Wonder Years
79.8%
The Cosby Show
79%
The Odd Couple
77%
Red Dwarf
76.4%
Fawlty Towers
76.2%
Mom
73.1%
Perfect Strangers
68.7%
Growing Pains
65%
Newsradio
63.3%

You're not logged in!

Compare scores with friends on all Sporcle quizzes.
Sign Up with Email
OR
Log In

You Might Also Like...

Show Comments

Extras

Top Quizzes Today


Score Distribution

Your Account Isn't Verified!

In order to create a playlist on Sporcle, you need to verify the email address you used during registration. Go to your Sporcle Settings to finish the process.